000 00285nam a2200121Ia 4500
008 220204s9999 xx 000 0 und d
082 _a633.5
_bMAI
100 _aMAITI, R K
245 0 _aPlant fibres
260 _aDehra Dun
_bBishen Singh
_c1980
650 _aFibre plants
942 _cBK
999 _c39116
_d39116